Ireland and medicine in the seventeenth and eighteenth centuries (Record no. 106110)
[ view plain ]
| 000 -LEADER | |
|---|---|
| fixed length control field | 01375nam a2200337Ia 4500 |
| 082 04 - DEWEY DECIMAL CLASSIFICATION NUMBER | |
| Classification number | 610.9415/.09032 |
| 245 00 - TITLE STATEMENT | |
| Title | Ireland and medicine in the seventeenth and eighteenth centuries |
| 260 ## - PUBLICATION, DISTRIBUTION, ETC. (IMPRINT) | |
| Place of publication | Farnham, Surrey, UK ; |
| -- | Burlington, VT : |
| Name of publisher | Ashgate, |
| Year of publication | c2010. |
| 300 ## - PHYSICAL DESCRIPTION | |
| Number of Pages | xiv, 227 p. |
| 490 1# - SERIES STATEMENT | |
| Series statement | The history of medicine in context |
| 500 ## - GENERAL NOTE | |
| General note | Includes index. |
| 650 #0 - SUBJECT ADDED ENTRY--TOPICAL TERM | |
| Topical Term | Medicine |
| Topical Term | Medicine |
| 700 1# - ADDED ENTRY--PERSONAL NAME | |
| Personal name | Clark, Fiona, |
| Personal name | Kelly, James, |
| 856 40 - ELECTRONIC LOCATION AND ACCESS | |
| Uniform Resource Identifier | http://site.ebrary.com/lib/rucke/Doc?id=10356306 |
No items available.
